|
|
|
|
| LEADER |
00000nam0a2200000 4500 |
| 001 |
370264 |
| 005 |
20231102012249.0 |
| 035 |
|
|
|a (RuTPU)RU\TPU\retro\27672
|
| 090 |
|
|
|a 370264
|
| 100 |
|
|
|a 20220623d1978 km y0rusy50 ca
|
| 101 |
0 |
|
|a rus
|
| 102 |
|
|
|a RU
|
| 105 |
|
|
|a a z 101zy
|
| 200 |
1 |
|
|a Общее мерзлотоведение
|e материалы к III Международной конференции по мерзлотоведению
|f Академия наук СССР, Сибирское отделение, Институт мерзлотоведения ; отв. ред. П. И. Мельников
|
| 210 |
|
|
|a Новосибирск
|b Наука
|d 1978
|
| 215 |
|
|
|a 346 с.
|c ил.
|
| 320 |
|
|
|a Библиогр. в конце докл.
|
| 606 |
1 |
|
|a Мерзлотоведение
|2 stltpush
|3 (RuTPU)RU\TPU\subj\42207
|9 61898
|
| 610 |
1 |
|
|a конференции
|
| 610 |
1 |
|
|a геотермия
|
| 610 |
1 |
|
|a региональная геология
|
| 610 |
1 |
|
|a мерзлые толщи
|
| 610 |
1 |
|
|a состав
|
| 610 |
1 |
|
|a строение
|
| 610 |
1 |
|
|a промерзание
|
| 610 |
1 |
|
|a геокриология
|
| 610 |
1 |
|
|a Полярный Урал
|
| 610 |
1 |
|
|a Сибирь
|
| 610 |
1 |
|
|a Колыма
|
| 675 |
|
|
|a 551.345(063)
|v 3
|
| 702 |
|
1 |
|a Мельников
|b П. И.
|4 340
|
| 712 |
0 |
2 |
|a Академия наук СССР
|b Сибирское отделение
|b Институт мерзлотоведения
|c (Якутск)
|2 stltpush
|3 (RuTPU)RU\TPU\col\12256
|9 25362
|
| 712 |
1 |
2 |
|a Общее мерзлотоведение
|c конференция
|d 3
|e Новосибирск
|f 1978
|4 570
|
| 801 |
|
1 |
|a RU
|b 63413507
|c 20220623
|
| 801 |
|
2 |
|a RU
|b 63413507
|c 20220623
|g RCR
|
| 942 |
|
|
|c BK
|